000 01034nam a2200301Ia 4500
001 74395
003 IT-RoPAU
008 130308s9999 xx 000 0 und d
040 _aIT-RoPAU
040 _cIT-RoPAU
041 _aSPAGNOLO
100 _aYsern De Arce Juan Luis
100 _gCodice Aut. SPICS: 25950
245 _aUtopia de la comunicacion social cristiana (La)-Vision teologico-pastoral
245 _bTeoria Y praxis de la Iglesia Latinoamericana En comunicaciones Sociales-Dossier
250 _a1a ed.
260 _aBOGOTA'
260 _bDecos/Celam
260 _c1988 [1° Ed.:1988 - Ed.Ling.Originale:1988]
300 _a"15 p. (prefazione: no ; testo: 15 [pagine: 83-97])"
500 _aUtopia della Comunicazione Sociale Cristiana Visione Teologico Pastorale Creazione e liberazione speranza del Genere Umano mezzi di Comunicazione Sociale
650 _aCOMMENTI AI DOCUMENTI ECCLESIASTICI
650 _eCodice materia Spics: 9102
942 _cBK
957 _71
999 _c63164
_d63164
999 _bSI
999 _g1